Decision-oriented information systems for farmers: A study of Kisan Call Centres (KCC), Kisan Knowledge Management System (KKMS), Farmers Portal, and M-Kisan Portal (Record no. 512608)

000 -LEADER
fixed length control field 00734nam a2200193 4500
008 - FIXED-LENGTH DATA ELEMENTS--GENERAL INFORMATION
fixed length control field 191203b ||||| |||| 00| 0 eng d
100 ## - MAIN ENTRY--PERSONAL NAME
Personal name Gandhi, Vasant P.
245 ## - TITLE STATEMENT
Title Decision-oriented information systems for farmers: A study of Kisan Call Centres (KCC), Kisan Knowledge Management System (KKMS), Farmers Portal, and M-Kisan Portal
260 ## - PUBLICATION, DISTRIBUTION, ETC. (IMPRINT)
Name of publisher, distributor, etc Agricultural Situation in India
300 ## - PHYSICAL DESCRIPTION
Extent 76(6), Sep, 2019: p.29-32.
650 ## - SUBJECT ADDED ENTRY--TOPICAL TERM
Topical term or geographic name as entry element Information systems
9 (RLIN) 14180
650 ## - SUBJECT ADDED ENTRY--TOPICAL TERM
Topical term or geographic name as entry element Kisan Call Centres
9 (RLIN) 14181
650 ## - SUBJECT ADDED ENTRY--TOPICAL TERM
Topical term or geographic name as entry element Knowledge management
9 (RLIN) 14182
650 ## - SUBJECT ADDED ENTRY--TOPICAL TERM
Topical term or geographic name as entry element M-Kisan Portal
9 (RLIN) 14183
700 ## - ADDED ENTRY--PERSONAL NAME
Personal name Johnson, Nicky
9 (RLIN) 14184
773 ## - HOST ITEM ENTRY
Main entry heading Agricultural Situation in India
906 ## - LOCAL DATA ELEMENT F, LDF (RLIN)
Subject DIP Farmers - India
942 ## - ADDED ENTRY ELEMENTS (KOHA)
Source of classification or shelving scheme
Item type Articles
Holdings
Withdrawn status Lost status Source of classification or shelving scheme Damaged status Not for loan Permanent location Current location Date acquired Serial Enumeration / chronology Barcode Date last seen Koha item type
          Indian Institute of Public Administration Indian Institute of Public Administration 2019-12-03 76(6), Sep, 2019: p.29-32. AR121958 2019-12-03 Articles

Powered by Koha